Personnages : 10 questions sur Yoshi - QCM - Statistiques

Statistiques générales
  • Ce quiz a été pris 177 fois
    67 depuis la dernière actualisation
  • Le résultat moyen est 7 sur 10
Statistiques - réponses
Question Réponse % Correct
De quel jeu est issu Yoshi ? Mario
100%
Dans quoi naît-il ? Un œuf
95%
Quelle est la nature de Yoshi ? Dinosaure
93%
Dans tous les jeux où il apparaît, qu'est-il ? Un ami
93%
Peut-on monter sur Yoshi ? Oui
79%
Quel est l'ennemi qu'il ne peut pas manger ? Picos
67%
Et enfin, comment ce prononce Yoshi ? i,o,ch,i
64%
Quelle est la couleur dont Yoshi ne peut pas être ? Gris
57%
Laquelle de ces choses Yoshi peut faire ? Manger un ami
50%
Laquelle de ces choses Yoshi ne peut pas faire ? Faire une pirouette
48%
Aucun quiz correspondant
Distribution des résultats
% des personnes avec chaque résultat
Percentile par nombre de réponses
Votre historique - résultats
Vous n’avez pas pris ce quiz depuis la dernière actualisation